000 00520cam a22002052a 4500
001 019540
003 AR-FADEU
008 311216n2006####xxu####################dd
020 _a10-950-894-582-8
092 _a364
_bP337
100 _aPavarini, Massimo
245 _aUn arte abyecto : ensayo sobre el gobierno de la penalidad
260 _aBuenos Aires
260 _bAd-Hoc
260 _c2006
300 _a319 p
500 _aIncluye bibliografía
650 _aCRIMINOLOGIA; DERECHO PENAL
942 _cBDGR
999 _c25268
_d25268